Nanomarketing ako nová platforma pre rozvoj neuromarketingu dizertačná práca

Gespeichert in:
Bibliographische Detailangaben
1. Verfasser: Šášky, Michael, 1996-
Körperschaft: Obchodná fakulta EU. Katedra marketingu
Weitere Verfasser: Hanuláková, Eva, 1964-
Format: Buch
Sprache:Slowakisch
Veröffentlicht: Bratislava 2024
Schlagworte:
Tags: Tag hinzufügen
Keine Tags, Fügen Sie das erste Tag hinzu!

MARC

LEADER 00000nbm a2200000 4500
001 0303040
005 20240718102926.9
041 0 |a slo 
044 |a SK 
245 1 0 |a Nanomarketing ako nová platforma pre rozvoj neuromarketingu  |b dizertačná práca  |c Michael Šášky ; školiteľ: Eva Hanuláková 
264 1 |a Bratislava  |c 2024 
300 |a 185 s. 
610 2 0 |a neuromarketing 
610 2 0 |a nanotechnológie 
610 2 0 |a neuroveda 
610 2 0 |a správanie spotrebiteľa 
100 1 |a Šášky, Michael, 1996- 
700 1 |a Hanuláková, Eva, 1964- 
710 2 |a Obchodná fakulta EU. Katedra marketingu